000 00564nam a2200217 a 4500
001 nice12345678
003 IN_TiNIC
005 20260116014451.0
008 070416s1990 cala grp 000 0 eng
020 _a8170460468
_c375
082 0 0 _a792.094
_bKAP
100 _aKapur, Anuradha
245 _aActors, Pilgrims, King and Gods
_b The Ramlila at Ramnagar
260 _aCalcutta
_bSeagull Books
_c1990
300 _a248p
500 _aincludes index and biblioraphy
700 1 _aKapur, Anuradha
902 _bSRS
942 _cBK
999 _c15475
_d15475